000 00486nam a22001697a 4500
999 _c251779
_d251779
003 OSt
005 20250128163937.0
008 151208b xxu||||| |||| 00| 0 eng d
020 _a0324376537
040 _aDLC
_beng
_cDLC
_dRU
_erda
050 _aHB172
_b.M346 2007
100 _aMankiw, N. Gregory.
245 _a Principles of microeconomics /
_cN. Gregory Mankiw.
250 _a4th Edn,
_bIndia Edn.
260 _a Mason, OH :
_b Thomson South-Western,
_c c2007.
942 _2lcc
_cBK